=LDR 00000nam 2200000 4500 =001 000465 =005 20250712030451 =035 ##$$a 0010-0725000327 =007 ta =008 250712################a##########0#ind## =020 ##$$a 978-623-307-9 =082 ##$$a 398.209 598 =100 #$$a Mandana, Kavitha =245 1#$$a Tara dan Rafi Pergi Berbelanja /$c Kavitha Mandana =250 ##$$a pertama =260 ##$$a Jakarta :$b Badan Pengembangan dan Pembinaan Bahasa,$c 2022 =300 ##$$a 16hlm. : $b ilus. ; $c 22,9 cm =650 #4$$a cerita anak indonesia terjemahan =650 #4$$a literasi bahan bacaan =700 #$$a Priya Kuriyan =084 ##$$a 398.209 598 MAN t =990 ##$$a TBM202400214